Early childhood curriculum : Developmental bases for learning and teaching
Сохранить в:
| Главный автор: | |
|---|---|
| Формат: | |
| Язык: | Undetermined |
| Опубликовано: |
New Jersey
Prentice Hall
2006
|
| Предметы: | |
| Метки: |
Добавить метку
Нет меток, Требуется 1-ая метка записи!
|
| Thư viện lưu trữ: | Trung tâm Học liệu Trường Đại học Cần Thơ |
|---|
| LEADER | 00630nam a2200217Ia 4500 | ||
|---|---|---|---|
| 001 | CTU_117470 | ||
| 008 | 210402s9999 xx 000 0 und d | ||
| 020 | |c 51.07 | ||
| 082 | |a 372.19 | ||
| 082 | |b W932 | ||
| 100 | |a Wortham, Sue C | ||
| 245 | 0 | |a Early childhood curriculum : | |
| 245 | 0 | |b Developmental bases for learning and teaching | |
| 245 | 0 | |c Sue C. Wortham | |
| 260 | |a New Jersey | ||
| 260 | |b Prentice Hall | ||
| 260 | |c 2006 | ||
| 650 | |a Early childhood education,Curriculum planning,Child development | ||
| 650 | |x Curricula | ||
| 904 | |i Tuyến | ||
| 980 | |a Trung tâm Học liệu Trường Đại học Cần Thơ | ||